000 00540nam a22001691a 4500
020 _c0.00
040 _aSSUS - Library - Kalady
082 _aMED 371.262 HAR/REL
100 _aHaridasan K
245 _aRelationship between some adjustment variables of the students of Std VIII of Kozhikode District and their achievement in mathematics
_h[MED]
260 _c1997
300 _a112p.
600 _aAchievement Mathematics 8th Standard
600 _aMED thesis
852 _90.00
_r
942 _cREF
999 _c37884
_d37884